Responses for show #6461 - Monday, October 22, 2012

Contestants

Betsy Chisolm, a volunteer storyteller from Greeley, Colorado

Tim Callo, a manufacturing engineer from Sugar Land, Texas

Glenn Fleishman, a technology journalist from Seattle, Washington (whose 2-day cash winnings total $28,398)

Jeopardy! Round responses

STATE SYMBOLS OF HAWAII
FORMAL MOVIE TITLES
PEOPLE OF FAITH
HERE'S 2 "U"!
(Alex: There will be two of the letter "U"s in each correct response.)
A LONG TIME AGO
IN A GALAXY FAR, FAR AWAY
    $200 16
the hula

Glenn
    $200 17
Mr. Holland

Tim
    $200 11
an altar boy

Betsy
    $200 2
a tutu

Glenn
    $200 22
China

Glenn
    $200 1
stars

Tim
    $400 18
Mr. Ripley

Glenn
    $400 12
(Tim: What is Sunni?)

Shiite

TimBetsy
    $400 5
Jujubes

Tim
    $400 23
the pope

Betsy
    $400 3
a whirlpool

Glenn
    $600 19
Mrs. Doubtfire

Glenn
    $600 13
Bibles

Glenn
    $600 6
(Tim: What is burgundy?)

auburn

Tim
Triple Stumper
    $600 24
(Glenn: What is Incan?)
...
(Alex: And we have less than a minute now.)

the Maya (the Mayans accepted)

GlennTim
    $600 4
(Glenn: What is a wheel?)
(Alex: Nope.)
(Glenn: A bicycle wheel?)
(Alex: Nope.)

a cartwheel

GlennTim
    $800 28
[The end-of-round signal sounds.]

a goose

Tim
    $800 20
Mr. Deeds

Betsy
    $800 14
the cantor

Tim
    $800 7
kudzu

Glenn
    $800 27
(Betsy: What is Sumer?)
(Glenn: What's Babylonia?)

Babylon

GlennTimBetsy
    $800 9
a spiral

Betsy
    $1000 25
(Glenn: What is orchid?)

hibiscus

GlennBetsy
    $1000 21
Mr. Bean

Glenn
    $1000 15
a pagan

Tim
    $1000 8
(Betsy: What is a pun?)

a conundrum

Betsy
Triple Stumper
    $1000 26
the Peloponnesian War

Betsy
    $1,000 10
Andromeda

Betsy

Scores at the first commercial break (after clue 12):

Glenn Tim Betsy
$800 $200 $1,400

Scores at the end of the Jeopardy! Round:

Glenn Tim Betsy
$1,400 $4,400 $3,800

Double Jeopardy! Round responses

BREAKING NEWS
LINE FROM THE TV SHOW
(Alex: Next, we'll give you a [*], you identify the show for me.)
19th CENTURY FEMALE AUTHORS
CRIME
4-LETTER FILL IN THE PROVERB
THEY DRIVE ON THE LEFT IN...
    $400 1
(Tim: Who is Mondale?)
(Glenn: Who is Bush?)
(Alex: Which one?)

George Herbert Walker Bush

GlennTim
    $400 5
House

Betsy
    $400 13
New Orleans

Tim
    $400 11
murder

Glenn
    $400 15
[The text of this clue was left-justified rather than centered on the screen.]

India

Tim
    $800 2
Chrysler

Betsy
    $800 6
Mad Men

Betsy
    $800 18
(Alex: [*], the author of Uncle Tom's Cabin.)

(Harriet Beecher) Stowe

Glenn
    $800 12
(Tim: What is a bank?)

a train

TimBetsy
    $800 16
[The text of this clue was left-justified rather than centered on the screen.]

Hong Kong

Tim
    $1200 3
John Edwards

Tim
    $1200 7
The Incredible Hulk

Betsy
    $1200 19
Lord Fauntleroy

Glenn
    $1200 14
(Glenn: What is a quick-action rifle?)

a zip gun

Glenn
Triple Stumper
    $1200 17
[The text of this clue was left-justified rather than centered on the screen.]

Jamaica

Betsy
    $1600 4
Mark Warner

Triple Stumper
    $1600 8
Glee

Betsy
    $5,000 20
(Glenn: Who is George Sands?)
...
(Alex: Less than a minute to go now, Glenn.)

George Sand

Glenn
    $2,000 23
[The end-of-round signal sounds.]
[Betsy's score inexplicably went up to $8,600 after this clue; this was corrected before Final Jeopardy!]

cutting off their beards

Glenn
    $2000 10
(Betsy: Who is Hussein?)
(Tim: Who is King Fahd?)
...
(Alex: And our thanks and appreciation to all those celebrities. You may remember that they were all competitors on our Power Players Week in Washington, D.C.)

King Abdullah

TimBetsy
Triple Stumper
    $2000 9
Gilmore Girls

Glenn
    $2000 21
(Betsy: What is Wildfeld Hall?)

Wildfell Hall

Betsy
Triple Stumper
    $2000 22
treason

Triple Stumper

Scores at the end of the Double Jeopardy! Round:

Glenn Tim Betsy
$2,000 $4,000 $6,600

[wagering suggestions for these scores]

Final Jeopardy! Round responses

KINGS
(Alex: [To Glenn] The House of Hanover.)
GlennWho was King George I?
$0
TimWho is William of Orange?
$4,000
BetsyWho was George II?
$1,401
King George I

Final scores:

Glenn Tim Betsy
$2,000 $0 $5,199
2nd place: $2,000 3rd place: $1,000 New champion: $5,199

Game dynamics:

Coryat scores:

Glenn Tim Betsy
$6,600 $4,000 $6,600
15 R
(including 1 DD),
6 W
(including 1 DD)
13 R,
5 W
15 R
(including 1 DD),
4 W

Combined Coryat: $17,200

The J! Archive is created by fans, for fans. The Jeopardy! game show and all elements thereof, including but not limited to copyright and trademark thereto, are the property of Jeopardy Productions, Inc. and are protected under law. This website is not affiliated with, sponsored by, or operated by Jeopardy Productions, Inc. Join the discussion at JBoard.tv.